Pelea en el parque ; El sueño de Tacha / (Registro nro. 12018)

Detalles MARC
000 -CABECERA
Longitud fija campo de control 00782nam a2200241 a 4500
003 - • IDENTIFICADOR DELl NÚMERO DE CONTROL
Identificador del número de control CO-ViMGA
005 - • FECHA Y HORA DE LA ÚLTIMA TRANSACCIÓN
Fecha y hora de la última transacción 20230915225024.0
008 - • CÓDIGOS DE INFORMACIÓN DE LONGITUD FIJA
Códigos de información de longitud fija 120725s2009 ck a gr 000 jdspa d
020 ## - • NÚMERO INTERNACIONAL NORMALIZADO PARA LIBROS
Número Internacional Normalizado para Libros (ISBN) 9789587052886
040 ## - FUENTE DE LA CATALOGACIÓN
Centro catalogador de origen CO-ViMGA
Lengua de catalogación spa
Centro transcriptor CO-ViMGA
043 ## - CÓDIGO DE ÁREA GEOGRÁFICA
Código de área geográfica s-ck---
082 04 - • NÚMERO DE LA CLASIFICACIÓN DECIMAL DEWEY
Número de clasificación (R) I863.6
Número del ítem R67p5
Número de edición 19
100 1# - • PUNTO DE ACCESO PRINCIPAL-NOMBRE DE PERSONA
Nombre de persona Rosero Diago, Evelio José,
Fechas asociadas al nombre 1958-
240 10 - • TÍTULO UNIFORME
Título uniforme <a href="Bogotá-Bibliografía regional">Bogotá-Bibliografía regional</a>
245 10 - • TITULO PROPIAMENTE DICHO
Título Pelea en el parque ; El sueño de Tacha /
300 ## - • DESCRIPCI&Oacute;N F&Iacute;SICA
Extensión 58 p. :
Otras características físicas il. ;
Dimensiones 19 cm.
490 0# - • MENCI&Oacute;N DE SERIE
Mención de serie Coleccion el barco de vapor. Serie naranja ;
Designación de volumen o secuencia 4
650 14 - • PUNTO DE ACCESO ADICIONAL DE MATERIA - T&Eacute;RMINO DE MATERIA
Término de materia o nombre geográfico como elemento inicial Amistad
Subdivisión de forma Cuentos juveniles.
650 14 - • PUNTO DE ACCESO ADICIONAL DE MATERIA - T&Eacute;RMINO DE MATERIA
Término de materia o nombre geográfico como elemento inicial Cuentos juveniles colombianos.
650 14 - • PUNTO DE ACCESO ADICIONAL DE MATERIA - T&Eacute;RMINO DE MATERIA
Término de materia o nombre geográfico como elemento inicial Parques
Subdivisión de forma Cuentos juveniles.
942 ## - ENTRADA DE ELEMENTOS AGREGADOS (KOHA)
Fuente de clasificaión o esquema Dewey Decimal Classification
Koha [por defecto] tipo de item LIbro
Existencias
Perdido Fuente de clasificaci&oacute;n o esquema Estado Físico No para pr&eacute;stamo Forma de adquisición Localizaci&oacute;n permanente Localizaci&oacute;n actual Fecha adquisici&oacute;n Pr&eacute;stamos totales Signatura completa C&oacute;digo de barras Fecha &uacute;ltima consulta Fecha del precio de reemplazo Tipo de item de Koha Localización en estanterías Renovaciones totales Fecha &uacute;ltimo pr&eacute;stamo N&uacute;mero de copia Note p&uacute;blica
        Colección Sala Infantil de Literatura Pocatil y Tilín Biblioteca Pública Departamental Eduardo Carranza - Villavicencio Biblioteca Pública Departamental Eduardo Carranza - Villavicencio 01/13/2020 1 N ROS2p ECA3599 05/13/2025 11/26/2024 LIbro Sala Infantil 1 04/09/2025 Ej.2 9500 | 13047
        Colección Sala Infantil de Literatura Pocatil y Tilín Biblioteca Pública Departamental Eduardo Carranza - Villavicencio Biblioteca Pública Departamental Eduardo Carranza - Villavicencio 11/27/2006   N ROS2p ECA10233 11/26/2024 11/26/2024 LIbro Sala Infantil     Ej.1 9500 | 13046
  Dewey Decimal Classification     Sala Infantil Segundo Piso Biblioteca Pública Germán Arciniegas - Villavicencio Biblioteca Pública Germán Arciniegas - Villavicencio 12/02/2015   I863.6 R67p5 29015 12/02/2015 12/02/2015 LIbro          









Instituto Departamental de Cultura del Meta - Red Departamental de Bibliotecas Públicas del Meta.